Cuando los grandes hombres eran niños
Salvato in:
| Autore principale: | |
|---|---|
| Natura: | Libro |
| Lingua: | spagnolo |
| Pubblicazione: |
Barcelona
Cervantes
1956
|
| Edizione: | 5a. ed |
| Soggetti: | |
| Tags: |
Aggiungi Tag
Nessun Tag, puoi essere il primo ad aggiungerne!!
|
MARC
| LEADER | 00000nam a2200000 a 4500 | ||
|---|---|---|---|
| 001 | UCU0065 | ||
| 003 | CL-VaPUC | ||
| 005 | 20240628104439.0 | ||
| 008 | 960315e19560000SP |||||||||||||||||spa|d | ||
| 999 | |c 245014 |d 245012 | ||
| 040 | |c Pontificia Universidad Católica de Valparaíso | ||
| 082 | 0 | 4 | |a 920.02 |b DIA |2 21 |
| 100 | 0 | |a Díaz Plaja, Fernando |e author |9 355030 | |
| 245 | 1 | 0 | |a Cuando los grandes hombres eran niños |
| 250 | |a 5a. ed | ||
| 260 | |a Barcelona |b Cervantes |c 1956 | ||
| 300 | |a 125 p | ||
| 583 | |a last modification |c 19960315 00:00:00 |k Rodrigo Vera | ||
| 600 | 0 | |a Magno, Alejandro |9 318232 | |
| 600 | 0 | 7 | |a COLON, CRISTOBAL |2 CL-VaPUC |9 265189 |
| 600 | 0 | 7 | |a CARLOS V |2 CL-VaPUC |9 349626 |
| 600 | 0 | 7 | |a PIZARRO, FRANCISCO DE |2 CL-VaPUC |9 268480 |
| 600 | 0 | |a Cervantes y Saavedra, Miguel de |9 267947 | |
| 600 | 0 | 7 | |a JUAN DE AUSTRIA |2 CL-VaPUC |9 355031 |
| 600 | 0 | 7 | |a SAN LUIS GONZAGA |2 CL-VaPUC |9 355032 |
| 600 | 0 | |a Goya y Lucientes, Francisco José de |9 315215 | |
| 600 | 0 | |a Mozart, Wolfgang Amadeus |d 1756-1791 |9 869087 | |
| 600 | 0 | 7 | |a NAPOLEON BONAPARTE |2 CL-VaPUC |9 315596 |
| 600 | 0 | 7 | |a RAMON Y CAJAL, SANTIAGO |2 CL-VaPUC |9 355033 |
| 600 | 0 | 7 | |a EDISON, TOMAS ALBA |2 CL-VaPUC |9 355034 |
| 650 | 0 | |a Biografías |9 255210 | |
| 650 | 0 | |a Historia |9 255047 | |
| 942 | |c BK |2 ddc | ||
| 945 | |d 19960315 00:00:00 |a lriquelm | ||
| 952 | |0 0 |1 0 |4 0 |6 920_020000000000000_DIA_1956 |7 0 |8 P |9 259341 |a BIBEDU |b BIBEDU |d 2019-11-19 |i 1630792 |o 920.02 DIA 1956 |p 1630792 |r 2019-11-19 |w 2019-11-19 |y BK |k EDU | ||